Statistics for The Last 100 Years

Click here to take the quiz!

General Stats

  • This quiz has been taken 205 times
    (158 since last reset)
  • The average score is 82 of 120

Answer Stats

YearHintAnswer% Correct
1922The March on Rome starts this man's rule.Benito Mussolini
93%
2004The EU gains many new countries. Name one.Hungary, Poland,...
93%
1939Both Germany and the USSR invaded this country.Poland
91%
1996Jacques Chirac got the Ig Nobel for testing A-bombs. He was president of ...France
90%
1945Where were the A-Bombs dropped?Nagasaki
90%
1942Name the "Big Four" who signed the United Nations DeclarationUnited States
90%
1940The United Kingdom gets a new PM. Whom?Winston Churchill
90%
1959The US gets two new states. Which?Alaska
89%
1921This physicist gets the Nobel Prize.Albert Einstein
89%
1959The US gets two new states. Which?Hawaii
89%
1945Where were the A-Bombs dropped?Hiroshima
89%
1920Alcohol is forbidden in the US. What is this period called?Prohibition
89%
2009He is the first African American president of the USA.Barack Obama
87%
2020This pandemic defines our lives.COVID-19
87%
1962This almost leades to an atomic war.{Cuban} Missile Crisis
87%
1944The Allies arrive in Normandy. How is this event called?D-Day
87%
1997The Princess of Wales dies in a car crash. What was her name?Diana
87%
2002Europe gets a uniform currency. What's it called?Euro
87%
1949Which Organisation is founded by western countries?NATO
87%
1969Name the Astronauts went into the Moon's orbit.Neil Armstrong
87%
1923Mustafa Kemal Atatürk founds this country.Turkey
87%
1942Name the "Big Four" who signed the United Nations DeclarationUnited Kingdom
87%
1983The first of these is found. There is one at the center of every galaxy.Black {Hole}
86%
1942Name the "Big Four" who signed the United Nations DeclarationRepublic of China
86%
1970This famous band splits up.Beatles
85%
1948Parts of this city were supplied by plane for eleven months.Berlin
85%
1980What are the belligerents of the war on the Persian Gulf?Iraq
85%
2005Germany votes their first female chancellor. What's her name?Angela Merkel
84%
1952Army officers overthrew King Farouk. In which country did this happen?Egypt
84%
1967The Six Day War is led by Israel against these countries.Egypt
84%
1982Argentina and the United Kingdom fight over this region.{Falkland} Islands
84%
1980What are the belligerents of the war on the Persian Gulf?Iran
84%
1927This Georgian becomes dictator.Joseph Stalin
84%
1977The most famous science fiction movie series starts. Name?Star Wars
84%
1924This leader of the largest superpower (by area) dies.Vladimir Lenin
84%
1956This country invades Gaza and Sinai.Israel
83%
1968The Tet Offensive is led by the ...Viet {Cong}
83%
1992The USA vote a new president. Whom?Bill Clinton
82%
1986A nuclear accident happens in the Ukrainian power plant of ...Chernobyl
82%
1930This man initiates the Salt MarchMohandas Gandhi
82%
2013This virus epidemic breaks out in Guinea, Liberia and Sierra Leone.Ebola
81%
1990The Baltic states declare independence from the USSR. Name them.Estonia
81%
2008This former province of Serbia is the last to split from former Yugoslavia.Kosovo
81%
1999Operation Allied Force was a part of the ...{Kosovo} War
81%
1990The Baltic states declare independence from the USSR. Name them.Latvia
81%
1990The Baltic states declare independence from the USSR. Name them.Lithuania
81%
1991These 3 countries became independent from Yugoslavia pretty peacefully.Croatia
80%
1933The New Deal is initiated by ...Franklin D. Roosevelt
80%
2014Russia annexes these two regions, which are on the same peninsula.Crimea
79%
1958There is a new Pope. What is he called?John XXIII
79%
1991These 3 countries became independent from Yugoslavia pretty peacefully.Slovenia
79%
1957What is the name of the first satellite?Sputnik 1
79%
1995Of which war was the Srebrenica massacre a part of?{Bosnian} War
78%
1967The Six Day War is led by Israel against these countries.Jordan
78%
1942Name the "Big Four" who signed the United Nations DeclarationSoviet Union
78%
1967The Six Day War is led by Israel against these countries.Syria
78%
1943In which city's ghetto did the largest Jewish uprising happen?Warsaw
78%
1969Name the Astronauts went into the Moon's orbit.Buzz Aldrin
76%
2006The Hezbollah and Israel fight against each other in this country.Lebanon
75%
2000The Øresund Bridge is built. It connects two cities. Which?Copenhagen
74%
1928This man is crowned King in Kyoto.Hirohito
74%
1963Martin Luther King Jr. holds a speech in front of the ...{Lincoln} Memorial
74%
20019/11 occurs. Which terrorist organisation did it?Al-Qaeda
73%
1965This human rights activist was murdered.Malcolm X
73%
2017Separatist groups in this region of Spain seek independence.Catalonia
72%
1936This military general starts a civil war and becomes facist dictatorFrancisco Franco
72%
1994The Hutu slaughtered Tutsi and Twa. What was this called?{Rwandan} Genocide
72%
1972This building was bugged by Nixon's employees.Watergate
72%
1950The inhabitants of this formerly united country call this war "625".{Korean} War
71%
1991These 3 countries became independent from Yugoslavia pretty peacefully.North Macedonia
71%
1937LZ 129 Hindenburg caught fire. What was it?a Zeppelin
70%
1947These two countries declared independence within a day of each other.India
70%
1951The Treaty of San Francisco re-established ...'s peace with the Allies.Japan
70%
1947These two countries declared independence within a day of each other.Pakistan
70%
1931Japan invades this region of China.Manchuria
69%
1998The former leader of Kampuchea/Cambodia dies. What was his name?Pol Pot
69%
1961The first man in space was ...Yuri Gagarin
68%
1985The Live Aid concert is held to help this country.Ethiopia
67%
1966Mao Zedong publishes the ...{Red} Book
67%
1987Zimbabwe gets a new President. Whom?Robert Mugabe
67%
1973On which Jewish feast did Syria and Egypt invade the Golan Heights?Yom Kippur
67%
1932These two countries fought over Chaco Boreal, South AmericaBolivia
66%
1989This separation is toppled.Berlin Wall
64%
1946Hermann Göring was sentenced to death, but took ... to avoid execution.Cyanide
64%
1926Gertrude Ederle is the first woman to swim over this strait.English Channel
64%
1953The dictator Fulgencio Batista is overthrown by ...Fidel Castro
61%
1935Laws of race are made in this German city.Nuremberg
61%
1932These two countries fought over Chaco Boreal, South AmericaParaguay
61%
2000The Øresund Bridge is built. It connects two cities. Which?Malmö
58%
1979After the Shah flees, he becomes leader of Iran. Who is he?Ruhollah Khomeini
58%
2003The current Turkish president is voted prime minister. What is his name?Recep Tayyip Erdoğan
57%
1993Which New York City building's underground parking lot was bombed?World Trade Center
57%
1984The Indian Prime Minister is murdered. What was her name?Indira Gandhi
54%
1981The first ... is sent into space. It has two white and one brown rocket.Space {Shuttle}
53%
1955Name the herbicide used to murder Vietnamese people.Agent Orange
51%
2016Massacres happen in Myanmar and State Counsellor ... did not react.Aung San Suu Kyi
50%
1941What was the operation called, that broke the Molotov–Ribbentrop Pact?Barbarossa
50%
1938The annexation of Austria through the Nazis goes by the name ...Anschluss
49%
2015Which object in our solar system was first reached by "New Horizons"?Pluto
49%
1978The Pope dies, what are his successors called. One ruled for 33 days.John Paul I
48%
1976The Soweto Uprising is a demonstration against ...Apartheid
47%
1971This environmental NGO is founded.Greenpeace
47%
2012France gets a new president. What is his name?François Hollande
45%
1978The Pope dies, what are his successors called. One ruled for 33 days.John Paul II
45%
1964In this sea North Vietnam supposedly attacked a US battleship.Gulf of {Tonkin}
43%
1975After the end of fascism in Spain this ruler is put in power.King {Juan} {Carlos}
43%
1969Name the Astronauts went into the Moon's orbit.Michael Collins
42%
1974Where was the Terracotta Army found?Xi'an
41%
1988The founder of Ferrari dies. What was he called?Enzo Ferrari
39%
2011Through a tsunami and lack of grasp of the situation, ... melts down.[source]Fukushima
39%
1929The Great Depression starts through the ...Wall Street Crash
36%
2018The protestors in France called themselves ...Yellow Vests
30%
1925The Iran gets a new Shah.Reza Shah Pahlavi
27%
2007It's the 300th birthday of the mathematician who found "e"Leonhard Euler
24%
2014Russia annexes these two regions, which are on the same peninsula.Sevastopol
20%
1934A member of the Ustaše kills King ... of Yugoslavia.Alexander
16%
1960This US spy is shot down in his Lockhead over the Soviet UnionFrancis Gary Powers
16%
2010You knew you were going to have to write it some day! Icelandic volcano:Eyjafjallajökull
15%
2019Austrian right-wing politicians show willingness to corruption on this island.Ibiza
13%
1954The European Nuclear Organisation is founded. You know it as ...CERN
12%

Score Distribution

Percentile by Number Answered

Percent of People with Each Score

Your Score History

You have not taken this quiz since the last reset